000 00606cam a22002053a 4500
001 37677
003 PGUSA
005 20140828083827.0
008 111009s2011||||xxu|||||s|||||000 | eng d
040 _aPGUSA
_beng
042 _adc
100 1 _aEllis, J. Breckenridge
_q(John Breckenridge),
_d1870-1956
245 1 4 _aThe Story of a Life
_h[electronic resource] /
_cJ. Breckenridge Ellis
260 _bProject Gutenberg,
_c2011
506 _aPublic domain in the USA.
516 _aElectronic text
830 0 _aProject Gutenberg
_v37677
856 4 0 _uhttp://www.gutenberg.org/ebooks/37677
942 _cEB
999 _c266931
_d266931